1346 1066 1050 1417 1377 1027 1773 1589 1688 1095 1832 1968 1680 1329 1049 1774 1169 1648 1933 1291 1392 1457 1119 1154 1338 1358 1954 1828 1832 1802 1232 1276 1416 1622 1989 1660 1232 1545 1162 1158 1949 1671 1843 1535 1655 1555 1914 1289 1755 1679 1825 1123 1455 1408 1367 1118 1083 1217 1287 1601 1088 1830 1988 1331 1029 1485 1349 1911 1277 1421 1885 1961 1329 1895 1931 1560 1651 1020 1509 1379 1363 1392 1474 1515 1621 1396 1476 1474 1535 1423 1863 1484 1373 1151 1858 1419 1395 1932 1113 BCNSPRNW ULIB Ver.6.0+V

เปลี่ยนเป็นภาษาไทย

Change to English
 แสดงรายละเอียดบรรณานุกรม
  กลับหน้าหลัก

Brief Record : Get Marc (ISO 2709) : E-mail record : QR code < ปิดหน้าต่าง
LEADER : 00000nam 2200000uu 4500
001    13399126274
003     ULIB
008    180827s2560||||th 000 0 tha d
020    ^a9786164450349
060  0 ^aWO700^bก328ว
100 0  ^aกวีศักดิ์ จิตตวัฒนรัตน์, บรรณาธิการ
245 00 ^aเวชบำบัดวิกฤตศัลยศาสตร์ในเวชปฏิบัติ =^bSurgical critical care in practice/^cกวีศักดิ์ จิตตวัฒนรัตน์, บรรณาธิการ
250    ^aพิมพ์ครั้งที่ 1
260    ^aเชียงใหม่ :^bภาควิชาศัลยศาสตร์ คณะแพทยศาสตร์ มหาวิทยาลัยเชียงใหม่,^c2560
300    ^a515 หน้า
650  0 ^aภาวะฉุกเฉิน -- ศัลยกรรม
650  0 ^aศัลยศาสตร์
856    ^a^zเวชบำบัดวิกฤตศัลยศาสตร์ในเวชปฏิบัติ = Surgical critical care in practice (สารบัญหนังสือ)^uhttp://110.164.66.211/ULIB6//_fulltext/bookcontent/13399114450/51880.pdf
945    ^p850^l0^i004464
945    ^p850^l0^i004465
945    ^p850^l0^i004466
999    ^aประนอม เกษจรัล
รายการนี้ยังไม่มีแท็ก
คุณยังไม่ได้ล็อกอิน คุณสามารถมีกิจกรรมร่วมกับเว็บไซต์ได้ แต่ต้องล็อกอินก่อน ::
  ล็อกอิน

รายการสื่อสารสนเทศ

ลำดับที่ ประเภท เลขเรียก/บาร์โค้ด สถานที่ สถานะ
1. วิทยาศาสตร์การแพทย์ และสุขภาพ
หนังสือสำรอง
สถานะ=หนังสือสำรอง
WO700 ก328ว ฉ.1 
  Barcode: 004464
ห้องสมุดวิทยาเขตสวรรค์ประชารักษ์
►หนังสือทั่วไป
บนชั้น
2. วิทยาศาสตร์การแพทย์ และสุขภาพ
วิทยาศาสตร์การแพทย์ และสุขภาพ
WO700 ก328ว ฉ.2 
  Barcode: 004465
ห้องสมุดวิทยาเขตสวรรค์ประชารักษ์
►หนังสือทั่วไป
บนชั้น
3. วิทยาศาสตร์การแพทย์ และสุขภาพ
วิทยาศาสตร์การแพทย์ และสุขภาพ
WO700 ก328ว ฉ.3 
  Barcode: 004466
ห้องสมุดวิทยาเขตสวรรค์ประชารักษ์
►หนังสือทั่วไป
บนชั้น

รายการใกล้เคียง
    ผู้แต่ง [กวีศักดิ์ จิตตวัฒนรัตน์, บรรณาธิการ]

    หัวเรื่อง [ภาวะฉุกเฉิน -- ศัลยกรรม]
    หัวเรื่อง [ศัลยศาสตร์]

BibComment


ยังไม่เคยถูกคอมเมนท์

คอมเมนท์ทรัพยากรรายการนี้
  คอมเมนท์: เวชบำบัดวิกฤตศัล..


 Copyright 2026. Bcnsprnw @Library